Exposure draft (Record no. 110924)
[ view plain ]
| 000 -LEADER | |
|---|---|
| fixed length control field | 00983cad a22002055a 4500 |
| 001 - CONTROL NUMBER | |
| control field | L150615 |
| 008 - FIXED-LENGTH DATA ELEMENTS--GENERAL INFORMATION | |
| fixed length control field | 100803s2010 xxk f 000 0 eng d |
| 035 ## - SYSTEM CONTROL NUMBER | |
| System control number | (Sirsi) u150615 |
| 041 0# - LANGUAGE CODE | |
| Language code of text/sound track or separate title | eng |
| 050 04 - LIBRARY OF CONGRESS CALL NUMBER | |
| Classification number | 333.3320901 $2 18 |
| 110 2# - MAIN ENTRY--CORPORATE NAME | |
| Corporate name or jurisdiction name as entry element | International Valuation Standards Council |
| 9 (RLIN) | 5828 |
| 245 00 - TITLE STATEMENT | |
| Title | Exposure draft |
| Remainder of title | proposed code of ethics for professional valuers July 2010 |
| Medium | [electronic resource] |
| 260 ## - PUBLICATION, DISTRIBUTION, ETC. | |
| Place of publication, distribution, etc. | London |
| Name of publisher, distributor, etc. | IVSC |
| Date of publication, distribution, etc. | 2010 |
| 520 ## - SUMMARY, ETC. | |
| Summary, etc. | Published by the International Valuation Professional Board, this exposure draft of a proposed code of ethics for professional valuers prescribes fundamental ethical principles and rules of conduct which valuers should comply with. Comments are to be received by 30 September 2010. |
| 590 ## - LOCAL NOTE (RLIN) | |
| Local note | KA NTK |
| 651 #4 - SUBJECT ADDED ENTRY--GEOGRAPHIC NAME | |
| Geographic name | International |
| 690 ## - LOCAL SUBJECT ADDED ENTRY--TOPICAL TERM (OCLC, RLIN) | |
| Topical term or geographic name as entry element | PROPERTY-PROPERTY APPRAISAL AND VALUATION |
| 856 48 - ELECTRONIC LOCATION AND ACCESS | |
| Uniform Resource Identifier | <a href="https://www.ivsc.org/pubs/exp_drafts/1007_code_of_ethics.pdf">https://www.ivsc.org/pubs/exp_drafts/1007_code_of_ethics.pdf</a> |
| Public note | View the document free of charge at www.ivsc.org |
| 942 ## - ADDED ENTRY ELEMENTS (KOHA) | |
| Suppress in OPAC | 0 |
| Withdrawn status | Lost status | Source of classification or shelving scheme | Damaged status | Not for loan | Home library | Current library | Shelving location | Date acquired | Total Checkouts | Full call number | Barcode | Date last seen | Copy number | Price effective from | Koha item type |
|---|---|---|---|---|---|---|---|---|---|---|---|---|---|---|---|
| Dewey Decimal Classification | Virtual | Virtual | Online | 03/08/2010 | ONLINE PUBLICATION | 150615-2001 | 06/08/2019 | 1 | 06/08/2019 | Book |